000 01709nam a22004697a 4500
005 20200104041735.0
008 151215b2015 ck ||||gr|||| 00| 0 spa d
020 _a9789585786066
040 _aCO-BoIAVH
_cCO-BoIAVH
041 0 _aspa
044 _ack
082 0 4 _a333.952091
_bA26h
245 1 0 _aHacia dónde van nuestros océanos
260 _aColombia :
_bAgenda del mar, comunicaciones,
_c2015.
300 _a127 páginas :
_bilustraciones, fotografías a color ;
_c24 x 17 cm.
504 _aIncluye referencias bibliográficas (páginas 122-127).
650 4 _aOcéanos
_xConservación
650 4 _aOcéanos
_xPreservación
650 6 _aBiología marina
650 6 _aConservación de los recursos marinos
700 1 _aBaptiste-Ballera, Brigitte L. G.
700 1 _aRuíz-Agudelo, Cesar
700 1 _aBonells, Marcela
700 1 _aEscobar, Elsa Matilde
700 1 _aDíazgranados, María Claudia
700 1 _aCorrea A., Iván D.
700 1 _aVieira Betancour, Carlos
_eed.
700 1 _aAlvarado Chacón, Elvira María
700 1 _aTrujillo, Fernando
700 1 _aDíaz Merlano, Juan Manuel
700 1 _aGutiérrez, Juan Carlos
700 1 _aZapata Padilla, Luis Alonso
700 1 _aBessudo Lion, Sandra
700 1 _aNaranjo, Luis Germán
700 1 _aAubad, Jorge
700 1 _aPiedrahita, Carlos Enrique
700 1 _aBotero J., Federico
700 1 _aVelásquez Gómez, Ramiro
700 1 _aPacheco, Erich J.
700 1 _aRodríguez González-Rubio, Cecilia
942 _2ddc
_cLIBRO
999 _c17904
_d17904